| 000 | 00827cam a22002653a 4500 | ||
|---|---|---|---|
| 001 | 28277 | ||
| 003 | PGUSA | ||
| 005 | 20140828083618.0 | ||
| 008 | 090307s2009||||xxu|||||s|||||000 | eng d | ||
| 040 |
_aPGUSA _beng |
||
| 042 | _adc | ||
| 050 | 4 | _aDK | |
| 100 | 1 |
_aMickiewicz, Adam, _d1798-1855 |
|
| 245 | 1 | 0 |
_aMy First Battle : _bA Sergeant's Story _h[electronic resource] / _cAdam Mickiewicz |
| 260 |
_bProject Gutenberg, _c2009 |
||
| 500 | _aTranslation of http://www.gutenberg.org/etext/27723 | ||
| 506 | _aPublic domain in the USA. | ||
| 516 | _aElectronic text | ||
| 653 | _aStoczek, Battle of, Poland, 1831 | ||
| 700 | 1 | _aO'Regan, Jimmy | |
| 740 | 0 | _aMoja Pierwsza Bitwa; Opowiadanie Sierżanta. English | |
| 830 | 0 |
_aProject Gutenberg _v28277 |
|
| 856 | 4 | 0 | _uhttp://www.gutenberg.org/ebooks/28277 |
| 942 | _cEB | ||
| 999 |
_c257532 _d257532 |
||